000
00198 a2200097 4500
001
18201
100
_a
Dickens, C
245
_a
Tale of two cities
260
_a
_b
Bancroft
_c
090
_c
13495
_d
13495
942
_a
NUST-CAE
_c
M
_c
3886
999
_c
253274
_d
253274